[Event "Ä17Ï"]
[Site "Loo"]
[Date "2017.04.26"]
[Round "7.5"]
[White "Ìàðòûø, Äàðüÿ."]
[Black "Ïðîòàñîâà, Àíàñòàñèÿ."]
[Result "0-1"]
[WhiteElo "1661"]
[BlackElo "1801"]
[PlyCount "98"]
[EventDate "2017.04.20"]

1. e4 c6 2. d4 d5 3. e5 Bf5 4. h4 h5 5. Bd3 Bxd3 6. Qxd3 e6 7. Bg5 Qb6 8. Nc3
c5 9. Qb5+ Nd7 10. Nf3 Rc8 11. O-O Qxb5 12. Nxb5 a6 13. Nc3 cxd4 14. Nxd4 Nxe5
15. Rfe1 Nc6 16. Nxc6 bxc6 17. Bf4 Nf6 18. Na4 Nd7 19. Rad1 Be7 20. g3 O-O 21.
Nc3 Nb6 22. Kg2 Bf6 23. Be5 Bxe5 24. Rxe5 g6 25. b3 Nd7 26. Ree1 Nf6 27. Na4 c5
28. Rd3 c4 29. Rf3 Ne4 30. Nb6 Rc7 31. bxc4 Nd2 32. Rc3 Nxc4 33. Nxc4 d4 34.
Rd3 Rxc4 35. Re2 Rfc8 36. Red2 e5 37. f4 f6 38. Kf3 Kf7 39. fxe5 fxe5 40. Ke4
Ke6 41. Ra3 R8c6 42. Ra5 R4c5 43. Ra3 Rc3 44. Rxc3 Rxc3 45. Rd3 Rxd3 46. cxd3
a5 47. a4 Kd6 48. Kf3 Kd5 49. Ke2 e4 0-1

[Event "Ä17Ï"]
[Site "Loo"]
[Date "2017.04.26"]
[Round "7.6"]
[White "Áàäìàåâà, Áàèíà."]
[Black "Áåçâåðõàÿ, Ìàðèíà."]
[Result "0-1"]
[WhiteElo "1585"]
[BlackElo "1758"]
[PlyCount "106"]
[EventDate "2017.04.20"]

1. e4 e5 2. Nf3 Nc6 3. Nc3 Bc5 4. Be2 d6 5. O-O Be6 6. d3 h6 7. Na4 Bb6 8. Nc3
Nge7 9. a3 Qd7 10. Be3 f5 11. Bxb6 axb6 12. d4 fxe4 13. Nxe4 d5 14. Nc3 e4 15.
Ne5 Nxe5 16. dxe5 O-O 17. Qd2 Ng6 18. f3 exf3 19. Bxf3 d4 20. Ne2 c5 21. Rae1
Nxe5 22. Nf4 Nc4 23. Qc1 Ne3 24. Nxe6 Qxe6 25. c4 Kh8 26. b3 Qg6 27. Bxb7 Rxf1+
28. Rxf1 Rb8 29. Bd5 Nxf1 30. Qxf1 Qf6 31. Qe2 Qf4 32. h3 Qe3+ 33. Qxe3 dxe3
34. Kf1 Re8 35. Ke2 g5 36. b4 cxb4 37. axb4 Kg7 38. c5 bxc5 39. bxc5 Re5 40.
Bb7 Rxc5 41. Kxe3 Rb5 42. Bf3 Rb4 43. Bh5 Kf6 44. Bf3 Ke5 45. Bd1 Rb1 46. Ke2
Kf4 47. Ba4 Kg3 48. Bc6 Rg1 49. Ke3 Rxg2 50. Bxg2 Kxg2 51. Ke4 Kxh3 52. Kf3 g4+
53. Kf2 Kh2 0-1

[Event "Ä17Ï"]
[Site "Loo"]
[Date "2017.04.26"]
[Round "7.7"]
[White "Çàõàðîâà, Äèàíà."]
[Black "Ðåâà, Ëþáîâü."]
[Result "1/2-1/2"]
[WhiteElo "1720"]
[BlackElo "1604"]
[PlyCount "100"]
[EventDate "2017.04.20"]

1. e4 c5 2. Nc3 Nc6 3. g3 g6 4. Bg2 Bg7 5. d3 Nf6 6. f4 d6 7. Nf3 a6 8. O-O O-O
9. h3 b5 10. g4 b4 11. Ne2 Qb6 12. Kh1 c4 13. Ng3 cxd3 14. cxd3 Bb7 15. g5 Nd7
16. h4 Rac8 17. h5 b3 18. axb3 Nc5 19. Be3 Qxb3 20. Bxc5 Qxd1 21. Rfxd1 dxc5
22. e5 Nd4 23. Nxd4 Bxg2+ 24. Kxg2 cxd4 25. Rxa6 Rc2+ 26. Kf3 Rxb2 27. hxg6
fxg6 28. Re1 Rb3 29. Ke4 Rb5 30. Ne2 Rb4 31. Ra7 Kf7 32. Rd7 Ke6 33. Rxd4 Rb5
34. Ke3 h5 35. gxh6 Bxh6 36. Re4 Kd7 37. Rg1 Rb6 38. e6+ Rxe6 39. Rxe6 Kxe6 40.
Rxg6+ Rf6 41. Nd4+ Kf7 42. Rxf6+ Kxf6 43. Ke4 e6 44. Nb5 Bf8 45. Nc7 Bh6 46. d4
Bf8 47. Nb5 Bh6 48. Nc3 Ke7 49. Ne2 Kf6 50. Ng3 Bf8 1/2-1/2

[Event "Ä17Ï"]
[Site "Loo"]
[Date "2017.04.26"]
[Round "7.8"]
[White "Àëåêñàíäðîâà, Åëèçàâåòà."]
[Black "Ãîðåíêîâà, Àííà."]
[Result "0-1"]
[WhiteElo "1620"]
[BlackElo "1488"]
[PlyCount "70"]
[EventDate "2017.04.20"]

1. e4 c5 2. Nf3 d6 3. d4 cxd4 4. Nxd4 Nf6 5. Nc3 a6 6. Be2 e6 7. Be3 Qc7 8. f4
b5 9. a3 Bb7 10. Bf3 Nbd7 11. O-O Be7 12. Qe1 O-O 13. Qg3 Nc5 14. e5 Nfe4 15.
Bxe4 Nxe4 16. Nxe4 Bxe4 17. f5 dxe5 18. f6 Bxf6 19. Rxf6 Qd8 20. Nxe6 Qxf6 21.
Nxf8 Rxf8 22. Rf1 Qe6 23. c3 f5 24. Bg5 h6 25. Bc1 Rf6 26. Qe3 Rg6 27. Rf2 Bb7
28. Kf1 f4 29. Qa7 Qc4+ 30. Ke1 Qc6 31. Re2 Qc7 32. Kd1 Rxg2 33. Bd2 Rxe2 34.
Qg1 f3 35. Qg4 Qd6 0-1

[Event "Ä17Ï"]
[Site "Loo"]
[Date "2017.04.26"]
[Round "7.9"]
[White "Áåëÿêîâà, Èëîíà."]
[Black "Óðâà÷¸âà, Àðèíà."]
[Result "1-0"]
[WhiteElo "1600"]
[BlackElo "1706"]
[PlyCount "62"]
[EventDate "2017.04.20"]

1. d4 Nf6 2. c4 e6 3. Nf3 Bb4+ 4. Nbd2 O-O 5. g3 Qe7 6. Bg2 d6 7. O-O e5 8.
dxe5 dxe5 9. a3 Bxd2 10. Bxd2 Re8 11. Qc2 Nc6 12. e3 Bg4 13. Bc3 e4 14. Ng5 Nd7
15. Nxe4 Bf5 16. Nf6+ Qxf6 17. e4 Qe6 18. exf5 Qxc4 19. Rad1 Rad8 20. Bd5 Qb5
21. b4 Nb6 22. Bb3 Ne7 23. Qa2 Qxf5 24. Qb2 Qg6 25. Rfe1 Nc6 26. Rxe8+ Rxe8 27.
b5 Nd8 28. Be5 c6 29. Rd6 Qg5 30. h4 Qg4 31. Qd2 Qc8 1-0

[Event "Ä17Ï"]
[Site "Loo"]
[Date "2017.04.26"]
[Round "7.10"]
[White "Çàêàðÿí, Äèàíà."]
[Black "×àãèíà, Óëüÿíà."]
[Result "1-0"]
[WhiteElo "1755"]
[BlackElo "1433"]
[PlyCount "53"]
[EventDate "2017.04.20"]

1. e4 e6 2. d4 d5 3. Nd2 c5 4. c3 cxd4 5. cxd4 dxe4 6. Nxe4 Nf6 7. Nxf6+ Qxf6
8. Nf3 Nc6 9. Bb5 Bd7 10. O-O Qf5 11. Qe2 Be7 12. Rd1 Rc8 13. Ne5 Nxe5 14. dxe5
Bxb5 15. Qxb5+ Kf8 16. Qxb7 Qc2 17. Be3 Qc7 18. Qa6 Re8 19. Rac1 Qxe5 20. Rc8
f6 21. Rxe8+ Kxe8 22. Qc8+ Kf7 23. Qxh8 Qxb2 24. Qxh7 Qe2 25. Qb1 a5 26. g3 a4
27. Rd7 1-0

[Event "Ä17Ï"]
[Site "Loo"]
[Date "2017.04.26"]
[Round "7.11"]
[White "Êóðêîâà, Ñîôüÿ."]
[Black "Ñàáåòèàí, Ìîäæàâåðè Àëèíà."]
[Result "1-0"]
[WhiteElo "1656"]
[BlackElo "1563"]
[PlyCount "109"]
[EventDate "2017.04.20"]

1. c4 d6 2. Nc3 g6 3. g3 Bg7 4. Bg2 e5 5. d3 Nf6 6. Nf3 O-O 7. O-O Nc6 8. Rb1
a5 9. a3 Bd7 10. Qc2 Qc8 11. Re1 Bf5 12. b4 axb4 13. axb4 Qd7 14. b5 Ne7 15.
Bb2 c6 16. Ra1 Qe6 17. h3 Qd7 18. Kh2 Rac8 19. Qb3 e4 20. dxe4 Bxe4 21. Nxe4
Nxe4 22. Bxg7 Kxg7 23. Nd4 Nc5 24. Qb2 Kg8 25. Ra7 cxb5 26. Nxb5 Nc6 27. Raa1
Qe6 28. Red1 Qe5 29. Qxe5 dxe5 30. Nd6 Rc7 31. Rab1 Rd8 32. Ne4 Nxe4 33. Bxe4
Rcd7 34. Rd5 Rxd5 35. Bxd5 Rd7 36. Kg2 Kf8 37. Rb6 Na5 38. Kf3 f5 39. g4 e4+
40. Kf4 Kg7 41. gxf5 gxf5 42. Kxf5 Rc7 43. Rb4 Rc5 44. Kxe4 Rc7 45. f4 Re7+ 46.
Kf3 Nc6 47. Bxc6 bxc6 48. Rb6 Re6 49. e4 Kf6 50. f5 Rd6 51. Kf4 Ke7 52. Ke5 Rh6
53. f6+ Kf7 54. Rb7+ Kf8 55. Ke6 1-0

[Event "Ä17Ï"]
[Site "Loo"]
[Date "2017.04.26"]
[Round "7.12"]
[White "Âàõðóøåâà, Âàëåðèÿ."]
[Black "Ìàëîçåìîâà, Äàðüÿ."]
[Result "0-1"]
[WhiteElo "1313"]
[BlackElo "1687"]
[PlyCount "52"]
[EventDate "2017.04.20"]

1. d4 d5 2. Bf4 e6 3. Nf3 f5 4. e3 Nf6 5. a3 Be7 6. Nc3 c6 7. Be2 O-O 8. h3
Nbd7 9. Ne5 Ne4 10. Qd3 Ndf6 11. f3 Nxc3 12. Qxc3 Nh5 13. O-O-O Nxf4 14. exf4
Bd7 15. Qd3 b5 16. g4 b4 17. a4 c5 18. Nxd7 c4 19. Qe3 Qxd7 20. b3 Rac8 21. Kb2
Bd6 22. Rdf1 Kh8 23. Rhg1 Qc7 24. Bd1 Bxf4 25. Qe1 cxb3 26. Qxb4 bxc2 0-1

[Event "Ä17Ï"]
[Site "Loo"]
[Date "2017.04.26"]
[Round "7.13"]
[White "Ïîëÿíñêàÿ, Åëèçàâåòà."]
[Black "Øìèäò, Êñåíèÿ."]
[Result "1/2-1/2"]
[WhiteElo "1611"]
[BlackElo "1490"]
[PlyCount "54"]
[EventDate "2017.04.20"]

1. d4 d5 2. e3 Nf6 3. Bd3 c5 4. c3 Nc6 5. Nf3 Bg4 6. h3 Bh5 7. Nbd2 e6 8. O-O
Bd6 9. Re1 O-O 10. g4 Bg6 11. Bxg6 fxg6 12. e4 dxe4 13. Ng5 Qe7 14. Ndxe4 Nxe4
15. Rxe4 Qf6 16. f4 Rae8 17. Qe1 cxd4 18. Nxe6 Rf7 19. Nxd4 Rxe4 20. Qxe4 Nxd4
21. Qxd4 Qe7 22. Kg2 Qe2+ 23. Qf2 Qe4+ 24. Qf3 Qc2+ 25. Qf2 Qe4+ 26. Qf3 Qc2+
27. Qf2 Qe4+ 1/2-1/2

[Event "Ä17Ï"]
[Site "Loo"]
[Date "2017.04.26"]
[Round "7.14"]
[White "Åôèìîâà, Òóÿðà."]
[Black "Áàðñêîâà, Ïîëèíà."]
[Result "0-1"]
[WhiteElo "1525"]
[BlackElo "1761"]
[PlyCount "116"]
[EventDate "2017.04.20"]

1. d4 d5 2. c4 e6 3. Nc3 Nf6 4. cxd5 exd5 5. Bg5 Be7 6. e3 O-O 7. Qc2 h6 8. Bh4
b6 9. Nf3 Bb7 10. Bd3 Nbd7 11. O-O c5 12. Rfe1 Re8 13. Bg3 Bf8 14. Rac1 Rc8 15.
Qa4 a6 16. Ne2 b5 17. Qd1 Ne4 18. Bxe4 dxe4 19. Nd2 Nf6 20. dxc5 Bxc5 21. Nb3
Bb4 22. Qxd8 Rexd8 23. Rxc8 Rxc8 24. Rc1 Rxc1+ 25. Nexc1 Nd5 26. a3 Be7 27. Nd4
g6 28. Ncb3 Nb6 29. Na5 Bd5 30. Kf1 Nc4 31. Nxc4 Bxc4+ 32. Ke1 Bd5 33. Kd2 Kf8
34. Bc7 Ke8 35. Ba5 Bd8 36. Bxd8 Kxd8 37. Kc3 Kc7 38. b4 f5 39. Nb3 Bxb3 40.
Kxb3 Kd6 41. Kc3 Kd5 42. f3 exf3 43. gxf3 g5 44. h3 h5 45. Kd3 g4 46. fxg4 fxg4
47. hxg4 hxg4 48. e4+ Ke5 49. Ke3 g3 50. Kf3 g2 51. Kxg2 Kxe4 52. Kg3 Kd3 53.
Kf4 Kc3 54. Ke4 Kb3 55. Kd4 Kxa3 56. Kc5 Ka4 57. Kb6 Kxb4 58. Kxa6 Ka4 0-1

[Event "Ä17Ï"]
[Site "Loo"]
[Date "2017.04.26"]
[Round "7.16"]
[White "Êàíàãèíà, Ïîëèíà."]
[Black "Êàíåâñêàÿ, Àíàñòàñèÿ."]
[Result "0-1"]
[WhiteElo "1597"]
[BlackElo "1353"]
[PlyCount "62"]
[EventDate "2017.04.20"]

1. e4 e6 2. d4 d5 3. e5 c5 4. c3 Qb6 5. Nf3 Nc6 6. a3 cxd4 7. cxd4 Nh6 8. Bxh6
Qxb2 9. Bxg7 Bxg7 10. Nbd2 Nxd4 11. Rb1 Nxf3+ 12. Qxf3 Qxe5+ 13. Be2 Rb8 14.
O-O Bd7 15. Rfe1 Qf6 16. Qg3 O-O 17. Nb3 b6 18. Nc5 Bc6 19. Qc7 Rbc8 20. Qxa7
bxc5 21. Qxc5 d4 22. Ba6 Qg6 23. g3 Be4 24. Bxc8 Bxb1 25. Bb7 Qc2 26. Qb4 Ba2
27. Bf3 Qc3 28. Qxc3 dxc3 29. Rc1 Rb8 30. Be4 Bd5 31. Bd3 Rb2 0-1

[Event "Ä17Ï"]
[Site "Loo"]
[Date "2017.04.26"]
[Round "7.17"]
[White "×óëî÷íèêîâà, Îëüãà."]
[Black "Ìèíüêî, Îëüãà."]
[Result "0-1"]
[WhiteElo "1318"]
[BlackElo "1597"]
[PlyCount "94"]
[EventDate "2017.04.20"]

1. e4 e5 2. Nf3 Nc6 3. Bc4 Nf6 4. d3 h6 5. O-O g6 6. Be3 Bg7 7. Re1 O-O 8. h3
d5 9. exd5 Nxd5 10. Bb5 e4 11. Bxc6 Nxe3 12. fxe3 exf3 13. Bxf3 Bxb2 14. Nd2
Bxa1 15. Qxa1 Re8 16. Ne4 Re6 17. Nc5 Rb6 18. a4 a5 19. Qa2 Qe7 20. d4 Rb8 21.
Bd5 Be6 22. Nxe6 fxe6 23. Bc4 Kg7 24. Rf1 Qg5 25. Qa3 Re8 26. Ba2 Rc6 27. Qd3
Rd6 28. Qe2 b6 29. Qf3 Qf5 30. Qe2 Qg5 31. Qf3 Qe7 32. Qe4 Rf8 33. Rxf8 Qxf8
34. Bxe6 Qe7 35. Qe5+ Qf6 36. Qxf6+ Kxf6 37. Bb3 Kf5 38. Kf2 c5 39. dxc5 bxc5
40. Kf3 Rd2 41. g3 Ke5 42. h4 Rh2 43. Bf7 Rxc2 44. Bxg6 Ra2 45. Be8 c4 46. e4
c3 47. Ke3 Rh2 0-1

[Event "Ä17Ï"]
[Site "Loo"]
[Date "2017.04.26"]
[Round "7.18"]
[White "Ñâèðèäîâà, Àíàñòàñèÿ."]
[Black "Ñîëîâüåâà, Ìàðèÿ."]
[Result "0-1"]
[WhiteElo "1278"]
[BlackElo "1477"]
[PlyCount "106"]
[EventDate "2017.04.20"]

1. d4 Nf6 2. Nf3 g6 3. Bf4 Bg7 4. Nbd2 d6 5. e4 Nbd7 6. Bc4 b6 7. Ng5 O-O 8.
O-O Bb7 9. Re1 e5 10. dxe5 dxe5 11. Bg3 Nh5 12. Ngf3 Nxg3 13. hxg3 Nc5 14. a3
Na4 15. Rb1 Qe7 16. Qe2 Rad8 17. Kh2 Nc5 18. Rh1 Bh6 19. Kg1 Kg7 20. Rh4 Rd6
21. Ba2 Bxd2 22. Nxd2 Rfd8 23. Nc4 Rd4 24. Qe3 g5 25. Rh5 Kg6 26. g4 Nxe4 27.
Qh3 Rd1+ 28. Rxd1 Rxd1+ 29. Kh2 Rh1+ 30. Kxh1 Nxf2+ 31. Kh2 Nxh3 32. Rxh3 Qc5
33. Re3 e4 34. Re2 f5 35. gxf5+ Kxf5 36. Ne3+ Kf4 37. g3+ Kf3 38. Re1 Kf2 39.
Rg1 Qxe3 40. Rg2+ Kf3 41. Bf7 Bc8 42. Bh5+ Bg4 43. Be8 h5 44. Bb5 Qf2 45. Rxf2+
Kxf2 46. a4 e3 47. b4 e2 48. Bxe2 Kxe2 49. Kg2 Kd2 50. c4 c5 51. a5 cxb4 52.
axb6 axb6 53. c5 bxc5 0-1

[Event "Ä17Â"]
[Site "Loo"]
[Date "2017.04.26"]
[Round "7.1"]
[White "Ãîëüöåâà, Åêàòåðèíà."]
[Black "Êî÷óêîâà, Àííà."]
[Result "0-1"]
[WhiteElo "2211"]
[BlackElo "2035"]
[PlyCount "136"]
[EventDate "2017.04.20"]

1. d4 Nf6 2. Nc3 d5 3. Bg5 e6 4. e4 dxe4 5. Nxe4 Be7 6. Bxf6 Bxf6 7. Nf3 O-O 8.
Qd2 Be7 9. Bd3 Nd7 10. O-O-O Nf6 11. Qe2 Nd5 12. g3 Nb4 13. Nc3 Nxd3+ 14. Qxd3
c6 15. h4 b5 16. Kb1 a5 17. Ng5 f5 18. f4 a4 19. Qf3 b4 20. Ne2 h6 21. Nh3 Qd5
22. Qxd5 cxd5 23. Nc1 Ba6 24. Rhe1 Kf7 25. Ng1 Rfc8 26. Nf3 Bf6 27. h5 Rg8 28.
Re3 g6 29. hxg6+ Rxg6 30. Rde1 Re8 31. a3 bxa3 32. Rxa3 Bb5 33. Na2 Bd7 34.
Ree3 Reg8 35. Ne5+ Bxe5 36. dxe5 h5 37. Nb4 Bb5 38. Rac3 Bc4 39. Nc6 h4 40. Re1
hxg3 41. b3 axb3 42. cxb3 Bb5 43. Nd4 Bd7 44. Nf3 Rg4 45. Ng5+ Ke7 46. Rf3 Rh8
47. Rg1 g2 48. Rh3 Rxh3 49. Nxh3 Rg3 50. Ng5 Rxb3+ 51. Kc2 Rg3 52. Kd2 Bb5 53.
Ke1 Bf1 54. Kf2 Rg4 55. Nh3 d4 56. Kf3 d3 57. Nf2 Be2+ 58. Ke3 Rg3+ 59. Kd2 Kd7
60. Nd1 Bxd1 61. Kxd1 Kc6 62. Ke1 Kd5 63. Kf2 Rg4 64. Ke3 Kc4 65. Rc1+ Kb3 66.
Rg1 Kc2 67. Kf3 d2 68. Ke2 d1=Q+ 0-1

[Event "Ä17Â"]
[Site "Loo"]
[Date "2017.04.26"]
[Round "7.2"]
[White "Ïåòðî÷åíêî, Ìàðèÿ."]
[Black "Øàôèãóëëèíà, Çàðèíà."]
[Result "1/2-1/2"]
[WhiteElo "2141"]
[BlackElo "1997"]
[PlyCount "88"]
[EventDate "2017.04.20"]

1. d4 Nf6 2. c4 e6 3. g3 d5 4. Nf3 dxc4 5. Bg2 c5 6. O-O Nc6 7. Qa4 Bd7 8. Qxc4
b5 9. Qd3 c4 10. Qd1 Rc8 11. b3 Na5 12. bxc4 Nxc4 13. Nbd2 Bc6 14. Nxc4 bxc4
15. Ne5 Bxg2 16. Kxg2 Qd5+ 17. f3 Qb5 18. Rb1 Qa6 19. Qc2 Nd5 20. a3 Bd6 21. e4
Bxe5 22. dxe5 Nb6 23. Rd1 O-O 24. Rd6 Qa5 25. f4 c3 26. Rd3 Rc4 27. Rb4 Rfc8
28. Rxc4 Nxc4 29. a4 h6 30. Kh3 Nb6 31. Rd4 Rc4 32. Rxc4 Nxc4 33. Qd3 Nb2 34.
Qd4 Nxa4 35. f5 Qb5 36. Qd8+ Kh7 37. Bf4 c2 38. Qc7 Qf1+ 39. Kh4 c1=Q 40. Bxc1
exf5 41. Qxf7 Qxc1 42. Qxf5+ Kg8 43. Qe6+ Kh7 44. Qf5+ Kg8 1/2-1/2

[Event "Ä17Â"]
[Site "Loo"]
[Date "2017.04.26"]
[Round "7.3"]
[White "Íàçàðîâà, Àíàñòàñèÿ."]
[Black "Ñàêîðåíêî, Àäðèàíà."]
[Result "1/2-1/2"]
[WhiteElo "1964"]
[BlackElo "2007"]
[PlyCount "52"]
[EventDate "2017.04.20"]

1. e4 e6 2. d4 d5 3. Nd2 c5 4. dxc5 Nf6 5. Bd3 dxe4 6. Nxe4 Nxe4 7. Bxe4 Qxd1+
8. Kxd1 Bxc5 9. Ke2 Nd7 10. Nf3 Nf6 11. Bd3 b6 12. Bb5+ Bd7 13. Bxd7+ Nxd7 14.
Rd1 Ke7 15. Bf4 f6 16. Rd2 e5 17. Bg3 Rhd8 18. Ne1 Nf8 19. Nd3 Ne6 20. c3 Rd7
21. f3 Rad8 22. Rad1 Bd6 23. Ne1 Bc5 24. Nd3 Bd6 25. Ne1 Bc5 26. Nd3 Bd6
1/2-1/2

[Event "Ä17Â"]
[Site "Loo"]
[Date "2017.04.26"]
[Round "7.4"]
[White "Çîòîâà, Àíàñòàñèÿ."]
[Black "Çèííàòóëëèíà, Àäåëÿ."]
[Result "1-0"]
[WhiteElo "2067"]
[BlackElo "1778"]
[PlyCount "75"]
[EventDate "2017.04.20"]

1. e4 c5 2. Nf3 b6 3. d4 cxd4 4. Nxd4 Bb7 5. f3 a6 6. c4 e6 7. Nc3 Qc7 8. Qd3
Nf6 9. Be2 Nc6 10. Nxc6 Bxc6 11. O-O Bc5+ 12. Kh1 O-O 13. Bg5 Ne8 14. f4 f6 15.
Bh4 Qb7 16. Bf3 Nc7 17. Rab1 b5 18. b4 bxc4 19. Qxc4 Be3 20. a4 d5 21. Qd3 d4
22. b5 axb5 23. axb5 Ra3 24. bxc6 Qxc6 25. Nd5 exd5 26. Qxa3 dxe4 27. Bd1 Ra8
28. Qb3+ Kh8 29. Bf2 Bxf2 30. Rxf2 h6 31. Rc2 Qd6 32. Qb7 Qxf4 33. Bh5 d3 34.
Rxc7 Rg8 35. Rc8 Qf5 36. Rxg8+ Kxg8 37. Bf7+ Kh7 38. Bd5 1-0

[Event "Ä17Â"]
[Site "Loo"]
[Date "2017.04.26"]
[Round "7.5"]
[White "Áóäíèêîâà, Âàðâàðà."]
[Black "Âîðîáüåâà, Âàëåðèÿ."]
[Result "1-0"]
[WhiteElo "1900"]
[BlackElo "1898"]
[PlyCount "35"]
[EventDate "2017.04.20"]

1. e4 c5 2. Nf3 Nc6 3. c3 d5 4. exd5 Qxd5 5. d4 Bg4 6. Be2 e6 7. Na3 a6 8. Nc2
cxd4 9. Ncxd4 Nxd4 10. Qxd4 Nf6 11. Qa4+ b5 12. Qb3 Qe4 13. Be3 Nd5 14. O-O-O
Nxe3 15. Bxb5+ Ke7 16. Rd7+ Kf6 17. Rxf7+ Kg6 18. Bd3 1-0

[Event "Ä17Â"]
[Site "Loo"]
[Date "2017.04.26"]
[Round "7.6"]
[White "Ãîëîâêèíà, Àíàñòàñèÿ."]
[Black "Íîñà÷åâà, Ìàðèÿ."]
[Result "0-1"]
[WhiteElo "2061"]
[BlackElo "2063"]
[PlyCount "90"]
[EventDate "2017.04.20"]

1. e4 c5 2. Nf3 e6 3. d4 cxd4 4. Nxd4 a6 5. Bd3 Bc5 6. Nb3 Ba7 7. O-O Nc6 8.
Qg4 Nf6 9. Qg3 d6 10. a4 O-O 11. Bh6 Ne8 12. Nc3 Kh8 13. Bf4 e5 14. Be3 Bxe3
15. Qxe3 Be6 16. Nd2 Rc8 17. Nf3 Nf6 18. Rfd1 Qa5 19. Be2 Rfd8 20. Ng5 Nd4 21.
Bd3 h6 22. Nxe6 fxe6 23. Kh1 Rf8 24. Qd2 Qc5 25. f3 Nh5 26. Ne2 Nxe2 27. Qxe2
Nf4 28. Qd2 Rc6 29. c3 g5 30. Rac1 Rcc8 31. Bc2 Rcd8 32. b4 Qc6 33. Qe3 Rg8 34.
Bb3 Rg6 35. c4 g4 36. g3 Nh3 37. fxg4 Qxe4+ 38. Qxe4 Nf2+ 39. Kg2 Nxe4 40. h3
Rf6 41. Rc2 Rdf8 42. c5 d5 43. Rd3 Rf1 44. Ba2 R1f2+ 45. Rxf2 Rxf2+ 0-1

[Event "Ä17Â"]
[Site "Loo"]
[Date "2017.04.26"]
[Round "7.7"]
[White "Ãðèãîðüåâà, Þëèÿ."]
[Black "Àôîíàñüåâà, Àííà."]
[Result "0-1"]
[WhiteElo "1922"]
[BlackElo "2213"]
[PlyCount "124"]
[EventDate "2017.04.20"]

1. d4 Nf6 2. c4 g6 3. Nc3 d5 4. Bf4 Bg7 5. e3 c6 6. Nf3 O-O 7. h3 b6 8. Bd3 Ba6
9. b3 c5 10. O-O cxd4 11. exd4 dxc4 12. bxc4 Nc6 13. Be3 Rc8 14. Rc1 Na5 15.
Nb5 Bxb5 16. cxb5 Nd5 17. Qd2 Qd6 18. Rxc8 Rxc8 19. Rc1 Rd8 20. Rd1 Nxe3 21.
fxe3 Bh6 22. Ne5 Rc8 23. Ng4 Bg7 24. Rc1 Rd8 25. Nf2 e5 26. dxe5 Bxe5 27. Qc2
Qe7 28. Bf1 h5 29. Qe4 Qf6 30. Qf3 Qe6 31. Nd3 Bd6 32. Rc2 Nc4 33. Re2 Ne5 34.
Nxe5 Qxe5 35. g3 Qxg3+ 36. Qxg3 Bxg3 37. Rc2 Bd6 38. Rd2 Kf8 39. Bc4 Ke7 40.
Kf2 Rc8 41. Rc2 Bc5 42. Bd3 Rd8 43. Be4 Kf6 44. Ke2 Re8 45. Kf3 Kg5 46. Re2 Kh4
47. Bc6 Re6 48. e4 Rd6 49. Bd5 Kxh3 50. Kf4 Rf6+ 51. Kg5 Rf3 52. e5 Be3+ 53.
Rxe3 Rxe3 54. Kf6 g5 55. Bxf7 h4 56. e6 g4 57. e7 Rxe7 58. Kxe7 g3 59. Be6+ Kh2
60. Bd5 g2 61. Bxg2 Kxg2 62. Kd7 h3 0-1

[Event "Ä17Â"]
[Site "Loo"]
[Date "2017.04.26"]
[Round "7.8"]
[White "Ãûðãåíîâà, Åêàòåðèíà."]
[Black "Ýðäûíèåâà, Îþíà."]
[Result "0-1"]
[WhiteElo "1849"]
[BlackElo "2183"]
[PlyCount "106"]
[EventDate "2017.04.20"]

1. d4 d5 2. c4 dxc4 3. e4 e5 4. Nf3 exd4 5. Nxd4 c5 6. Nf3 Qxd1+ 7. Kxd1 Nc6 8.
Bxc4 Bg4 9. Be3 Nf6 10. Nbd2 Bd6 11. h3 Bh5 12. Bb5 Bxf3+ 13. gxf3 Nh5 14.
Bxc6+ bxc6 15. Nc4 O-O-O 16. Nxd6+ Rxd6+ 17. Kc2 Rf6 18. Bxc5 Rxf3 19. Bxa7 Re8
20. Rae1 Nf6 21. e5 Nd7 22. Be3 Rxe5 23. Rhg1 g6 24. Rg3 Rff5 25. b4 Nf6 26.
Ra1 Ne4 27. Rg2 Nxf2 28. Rxf2 Rxf2+ 29. Bxf2 Re2+ 30. Kb3 Rxf2 31. Rc1 Rf3+ 32.
Ka4 Kb7 33. Re1 Kc7 34. Re4 h5 35. Re7+ Kd6 36. Rb7 h4 37. Ra7 g5 38. Ra5 f5
39. Ra6 Rxh3 40. b5 Rc3 41. b6 Rc1 42. Ra5 Rf1 43. Ra8 Rb1 44. Ka5 h3 45. Rh8
g4 46. Ka6 f4 47. b7 f3 48. b8=Q+ Rxb8 49. Rxb8 h2 50. Rb1 g3 51. Kb7 g2 52.
Rd1+ Kc5 53. a4 g1=Q 0-1

[Event "Ä17Â"]
[Site "Loo"]
[Date "2017.04.26"]
[Round "7.9"]
[White "Òðîÿíîê, Òàòüÿíà."]
[Black "Êîçèíà, Àíàñòàñèÿ."]
[Result "1/2-1/2"]
[WhiteElo "1902"]
[BlackElo "2117"]
[PlyCount "101"]
[EventDate "2017.04.20"]

1. e4 c5 2. Nf3 d6 3. d4 cxd4 4. Nxd4 Nf6 5. Nc3 a6 6. Bg5 e6 7. f4 Qb6 8. Qd2
Nc6 9. Nb3 Bd7 10. Bxf6 gxf6 11. O-O-O O-O-O 12. Na4 Qc7 13. Qf2 Kb8 14. Nb6
Be8 15. Kb1 Na7 16. Rd3 Nc8 17. Rc3 Bc6 18. Nxc8 Rxc8 19. Nd4 Qd7 20. Rb3 Ba4
21. Rb6 Qc7 22. Nb3 Bxb3 23. Rxb3 Qa5 24. Bd3 Rc6 25. Rf1 Be7 26. Qf3 Rb6 27.
Rxb6 Qxb6 28. Qh5 Rf8 29. Bc4 Qd4 30. Qe2 Rc8 31. Bb3 Qc5 32. f5 Qe5 33. g3 d5
34. Re1 d4 35. fxe6 fxe6 36. Qg4 f5 37. Qf4 Qxf4 38. gxf4 Bh4 39. Re2 e5 40.
exf5 exf4 41. Bd5 Rd8 42. Be4 Bf6 43. Rf2 Be5 44. Rg2 Re8 45. Kc1 Bf6 46. Re2
Kc7 47. Kd1 Re6 48. Kd2 Re5 49. b3 Ra5 50. a4 Rc5 51. Rf2 1/2-1/2

[Event "Ä17Â"]
[Site "Loo"]
[Date "2017.04.26"]
[Round "7.10"]
[White "ßíó÷åíêî, Ïîëèíà."]
[Black "Ñêîìîðîõèíà, Åêàòåðèíà."]
[Result "1-0"]
[WhiteElo "2060"]
[BlackElo "1917"]
[PlyCount "105"]
[EventDate "2017.04.20"]

1. d4 d6 2. e4 Nf6 3. f3 e5 4. d5 Be7 5. c4 O-O 6. Nc3 Ne8 7. Qc2 Bg5 8. Bd2
Bxd2+ 9. Qxd2 Nd7 10. Bd3 a5 11. Nge2 Nc5 12. Bc2 Qe7 13. g4 Qh4+ 14. Ng3 Bd7
15. O-O-O g6 16. Rdg1 a4 17. a3 Rb8 18. Nf1 b5 19. cxb5 Bxb5 20. Nxb5 Rxb5 21.
g5 Qf4 22. Qxf4 exf4 23. Nd2 Ng7 24. Re1 Rfb8 25. Nc4 Nb3+ 26. Bxb3 Rxb3 27.
Rhf1 R8b5 28. Re2 Nh5 29. Rc2 Rc5 30. Nd2 Rxc2+ 31. Kxc2 Re3 32. Rf2 f6 33. h4
Ng3 34. b3 f5 35. exf5 Nxf5 36. Kb2 axb3 37. a4 Nd4 38. a5 Rd3 39. Ne4 Nb5 40.
Nf6+ Kf7 41. a6 h6 42. Rf1 hxg5 43. hxg5 Ke7 44. Rh1 Rxf3 45. Rh7+ Kf8 46. Rh8+
Kf7 47. Rb8 Na7 48. Rb7 Re3 49. Rxa7 f3 50. Rxc7+ Re7 51. Rxe7+ Kxe7 52. Ng4
Kd7 53. a7 1-0

[Event "Ä17Â"]
[Site "Loo"]
[Date "2017.04.26"]
[Round "7.11"]
[White "Ïàíêîâà, Þëèÿ."]
[Black "Ôèëèïïîâà, Äàðüÿ."]
[Result "1/2-1/2"]
[WhiteElo "1786"]
[BlackElo "1996"]
[PlyCount "93"]
[EventDate "2017.04.20"]

1. e4 c6 2. d4 d5 3. exd5 cxd5 4. Bd3 Nc6 5. c3 Qc7 6. Ne2 Bg4 7. O-O e6 8. Qe1
Bxe2 9. Qxe2 Bd6 10. Qg4 Kf8 11. Qh4 Nf6 12. f4 Re8 13. Nd2 Ke7 14. Nf3 Kd8 15.
Bd2 Kc8 16. b4 Ne4 17. Bxe4 dxe4 18. Ne5 f6 19. Nxc6 Qxc6 20. c4 Kb8 21. c5 Bc7
22. a4 f5 23. Be3 Qd5 24. Rfc1 h6 25. c6 g5 26. Qf2 Bd6 27. cxb7 Kxb7 28. Kh1
Rhg8 29. a5 Rg7 30. a6+ Ka8 31. Qc2 Rc7 32. Qa4 Rb8 33. Rxc7 Bxc7 34. Rc1 Bd6
35. Qc6+ Qxc6 36. Rxc6 Bxf4 37. Bxf4 gxf4 38. Rxe6 Rxb4 39. h4 Kb8 40. Rxh6
Rxd4 41. h5 e3 42. Re6 Rd7 43. Kg1 Rd1+ 44. Kh2 Rd7 45. Kg1 Rd1+ 46. Kh2 Rd7
47. Kg1 1/2-1/2

[Event "Ä17Â"]
[Site "Loo"]
[Date "2017.04.26"]
[Round "7.12"]
[White "Àêñåíîâà, Ìàðèÿ."]
[Black "Êîðîë¸âà, Åâãåíèÿ."]
[Result "1/2-1/2"]
[WhiteElo "1923"]
[BlackElo "1909"]
[PlyCount "109"]
[EventDate "2017.04.20"]

1. d4 d5 2. Nf3 Nf6 3. c4 dxc4 4. Qa4+ c6 5. Qxc4 Bf5 6. g3 e6 7. Bg2 Be7 8.
O-O O-O 9. Nc3 Nbd7 10. Re1 Nb6 11. Qb3 Ne4 12. Rd1 a5 13. a4 Bb4 14. Ne5 Nf6
15. Bg5 h6 16. Bxf6 Qxf6 17. e4 Bh7 18. f4 g5 19. Rf1 gxf4 20. Rxf4 Qd8 21. Ng4
Qxd4+ 22. Kh1 Qg7 23. Nf6+ Kh8 24. Nxh7 Kxh7 25. Raf1 Nd7 26. Bf3 Ne5 27. Bh5
Rad8 28. Qc2 Rd7 29. Qg2 Be7 30. h4 Bc5 31. g4 Nd3 32. R4f3 Ne5 33. Rg3 Rd3 34.
g5 Rxg3 35. Qxg3 f5 36. exf5 Rxf5 37. Rxf5 exf5 38. Qf4 hxg5 39. Qxf5+ Kh6 40.
Ne4 Kxh5 41. Nxc5 Kxh4 42. Ne6 Qg6 43. Qxe5 Qb1+ 44. Kg2 Qc2+ 45. Kf1 Qc4+ 46.
Kf2 Qc2+ 47. Ke3 Qc1+ 48. Kd3 Qd1+ 49. Kc3 Qc1+ 50. Kb3 Qd1+ 51. Ka3 Qa1+ 52.
Kb3 Qd1+ 53. Kc3 Qc1+ 54. Kd3 Qd1+ 55. Kc3 1/2-1/2

[Event "Ä17Â"]
[Site "Loo"]
[Date "2017.04.26"]
[Round "7.13"]
[White "Ñåðäèòûõ, Îëåñÿ."]
[Black "Ïîëçóíîâà, Àíàñòàñèÿ."]
[Result "0-1"]
[WhiteElo "1915"]
[BlackElo "1814"]
[PlyCount "122"]
[EventDate "2017.04.20"]

1. d4 d5 2. Nf3 Nf6 3. c4 e6 4. g3 Be7 5. Bg2 O-O 6. O-O Nbd7 7. Qc2 b6 8. Rd1
Bb7 9. Bf4 c5 10. Ne5 cxd4 11. Nxd7 Qxd7 12. Rxd4 Bc5 13. Rd1 Ng4 14. Rf1 Rac8
15. h3 Nf6 16. Rd1 Qe7 17. Nc3 dxc4 18. Na4 Bxg2 19. Kxg2 Qb7+ 20. Kg1 Be7 21.
Nc3 b5 22. a3 a6 23. Rd2 Rfd8 24. Rad1 Rxd2 25. Rxd2 Rd8 26. Qd1 Rxd2 27. Qxd2
Qd7 28. Qxd7 Nxd7 29. Kf1 Nc5 30. Ke1 Kf8 31. Kd2 Ke8 32. Kc2 Kd7 33. Bd2 Kc6
34. f3 Nb3 35. Be3 f5 36. Na2 a5 37. Nc3 b4 38. axb4 axb4 39. Nd1 Bf6 40. g4 g6
41. Bf2 Nd4+ 42. Kd2 Nb3+ 43. Kc2 Kb5 44. h4 Ka4 45. e3 Nc5 46. h5 Nd3 47. Bg3
b3+ 48. Kb1 Kb4 49. Bd6+ Kb5 50. hxg6 hxg6 51. Bg3 Kc5 52. Bc7 fxg4 53. fxg4
Kd5 54. g5 Bxg5 55. Bb6 Bf6 56. e4+ Kxe4 57. Ne3 Nxb2 58. Ng4 Bg7 59. Nf2+ Kf3
60. Nh3 c3 61. Ng5+ Ke2 0-1